| 000 | 00464nam a2200193Ia 4500 | ||
|---|---|---|---|
| 003 | GCL | ||
| 008 | 140319s9999 xx 000 0 eng d | ||
| 040 |
_aGCL / _cGCL |
||
| 082 | 0 | 4 |
_a967.2102 _bP A |
| 100 | 1 | _aPEAN, PIERRE | |
| 245 | 1 | 0 |
_aAFFAIRES AFRICAINES / _cPEAN, PIERRE |
| 260 |
_a[S.N] : _bFAYARD ، _c1983 |
||
| 300 | _a340 | ||
| 650 | 0 | 4 | _aHISTORY |
| 650 | 0 | 4 | _aGABON |
| 650 | 0 | 4 | _aAFRICA - CENTRAL |
| 650 | 0 | 4 | _aFRENCH EQUATORIAL |
| 942 |
_2ddc _cBK |
||
| 999 |
_c25402 _d25402 |
||